La historia de las ideas políticas : fundmentos filosóficos y dilemas metodológicos /

Gespeichert in:
Bibliographische Detailangaben
1. Verfasser: Cansino, César (autor)
Weitere Verfasser: Bokser de Liwerant, Judith (prefacio) (prefacio)
Format: Buch
Sprache:Spanisch
Veröffentlicht: México : Centro de Estudios de Política Comparada, 2001, c1998
Schriftenreihe:(Teoría Política CEPCOM ; 1)
Schlagworte:
Tags: Tag hinzufügen
Keine Tags, Fügen Sie das erste Tag hinzu!

MARC

LEADER 00000nam^a2200000^a^4500
001 000308124
005 20250523000000.0
009 20260310112909.059
020 |a 968-7825-03-0 
037 |a Acervo ITESO - Biblioteca 
041 |a ESP 
082 |a 320. 9  |b CAN 
100 |a Cansino, César  |e (autor) 
245 1 3 |a La historia de las ideas políticas :  |b fundmentos filosóficos y dilemas metodológicos /  |c C. Cansino ; pref. de J. Bokser de Liwerant. 
264 4 |a México :  |b Centro de Estudios de Política Comparada,  |c 2001, c1998 
300 |a 194 p. 
336 |a texto  |b txt  |2 rdacontenido 
337 |a sin mediación  |b n  |2 rdamedio 
338 |a volumen  |b nc  |2 rdasoporte 
440 1 |a (Teoría Política CEPCOM ;  |v 1) 
649 |a XX 
650 |a Ideología 
650 |a Filosofía Política 
650 |a Política -  |x Historia -  |x Tema Principal 
650 |a Política -  |x Teoría -  |x Tema Principal 
700 |a Bokser de Liwerant, Judith  |e (prefacio) 
910 |a Fondo General 
920 |a Impresos - Libros 
930 |a Colección General 
905 |a 101 
901 |a 0500194271  |b IT1  |c ACC  |i D52509  |u 20250521 
902 |a https://opac.biblio.iteso.mx/vufind/Record/000308124